Länder, die mit d, e oder f beginnen - Statistiken

Allgemein
  • Dieses Quiz wurde 504 mal gespielt
  • Das Durchschnittsergebnis liegt bei 8 aus 12
Antwortstatistiken
Anfangsbuchstaben Land % Korrekt
D Deutschland
98%
D Dänemark
92%
F Frankreich
89%
E Estland
84%
F Finnland
84%
E Eritrea
79%
F Fidschi
75%
D Dominikanische Republik
60%
E Ecuador
54%
D Dominica
52%
E El Salvador
40%
D Djibouti
11%
Keine übereinstimmenden Quizze gefunden
Verteilung der Resultate
Anzahl Personen mit jedem Resultat
Perzentil nach korrekt beantworteten Fragen
Ihre Resultats-Entwicklung
Sie haben dieses Quiz noch nicht gespielt